000
00313nam a22001337a 4500
008
171020b xxu||||| |||| 00| 0 eng d
020
_a
9781878812094
041
_a
eng
080
_2
3RD
_a
338
100
_a
54
101
_a
MEN
245
_a
MANAGING HEALTH SERVICES ORGANIZATIONS
_c
RAKICH,J.S
942
_2
udc
_c
BK
999
_c
35047
_d
35047